Subramania Bharati : Writings in the Hindu (Record no. 47289)

MARC details
000 -LEADER
fixed length control field 00694nam a22001817a 4500
005 - DATE AND TIME OF LATEST TRANSACTION
control field 20260218152123.0
008 - FIXED-LENGTH DATA ELEMENTS--GENERAL INFORMATION
fixed length control field 260218b |||||||| |||| 00| 0 eng d
020 ## - INTERNATIONAL STANDARD BOOK NUMBER
International Standard Book Number 9789393875471
040 ## - CATALOGING SOURCE
Transcribing agency VITAP
082 ## - DEWEY DECIMAL CLASSIFICATION NUMBER
Edition number 23rd Ed.
Classification number 894.8111 VEN
245 ## - TITLE STATEMENT
Title Subramania Bharati : Writings in the Hindu
Statement of responsibility, etc. / Edited by A.R. Venkatachalapathy
260 ## - PUBLICATION, DISTRIBUTION, ETC.
Place of publication, distribution, etc. Chennai
Name of publisher, distributor, etc. THG (The Hindu Group) Publishing Private Limited
Date of publication, distribution, etc. 2022
300 ## - PHYSICAL DESCRIPTION
Extent 158p. : ill. ; 23cm
440 ## - SERIES STATEMENT/ADDED ENTRY--TITLE
Title The Hindu History Series
9 (RLIN) 17112
650 #0 - SUBJECT ADDED ENTRY--TOPICAL TERM
Topical term or geographic name entry element Bharati, Subramania, 1882‑1921; Writings; Selection and publication; Journalists - India - Biography
9 (RLIN) 17113
700 ## - ADDED ENTRY--PERSONAL NAME
Personal name Venkatachalapathy, A.R.
9 (RLIN) 17114
Relator term Editor
942 ## - ADDED ENTRY ELEMENTS (KOHA)
Source of classification or shelving scheme Dewey Decimal Classification
Koha item type Reference Book
Holdings
Withdrawn status Lost status Source of classification or shelving scheme Materials specified (bound volume or other part) Damaged status Not for loan Collection code Home library Current library Shelving location Date acquired Source of acquisition Cost, normal purchase price Inventory number Total Checkouts Full call number Barcode Date last seen Cost, replacement price Price effective from Koha item type Public note
    Dewey Decimal Classification Hard Bound     Reference School of Business & General Section VIT-AP Reference 2026-01-12 The Hindu Group of Publications 499.00 9001173329   894.8111 VEN 025479 2026-02-18 499.00 2026-01-12 Reference Book GEN

Visitor Number: